01165nas a2200301 4500001001300000003000900013005001700022007000300039008003400042040005400076041000900130072000800139100001700147100001800164100002600182100002100208100002800229100002700257245012400284650002700408650001500435773011200450856006600562909004000628942001800668999001900686952015800705BR2016003371BR-BrBNA20231205130514.0ta230509b bl.|||p| |||| 00| 00por d aBR-BrBNAbporcBiblioteca Nacional de Agricultura a(Pt) aK101 aArruda, D.M.1 aBatista, M.L.1 aSimão, M.V.R. de C.1 aDuque-Brasil, R.1 aFerreira Júnior, W.G.1 aSchaefer, C.E.G.R. 1 aDiferentes critérios de inclusão amostral e suas interpretações: estudo de caso em floresta estacional decidual aINVENTÁRIO FLORESTAL aAMOSTRAGEM0 tPesquisa Florestal Brasileira (Brazil)xISSN 1983-2605 g(Oct-Dec 2012), v. 32(72) p. 471-476wBR201600337140uhttp://pfb.cnpf.embrapa.br/pfb/index.php/pfb/article/view/380 a202311bLúciac55dLúcia Elande 2AGRISn0cANA c249807d249807 002AGRIS4071a41918b41918cPeriódicos Agrícolash(Oct-Dec 2012), v. 32(72) p. 471-476l0r2023-11-29t01yCRePortaria Interministerial nº 164/94